Victoria No. 203 (New) (Record no. 20642)

MARC details
000 -LEADER
fixed length control field 01612ngm a2200361 4500
003 - CONTROL NUMBER IDENTIFIER
control field dpl
005 - DATE AND TIME OF LATEST TRANSACTION
control field 2009010607597.0
007 - PHYSICAL DESCRIPTION FIXED FIELD--GENERAL INFORMATION
fixed length control field DVD
008 - FIXED-LENGTH DATA ELEMENTS--GENERAL INFORMATION
fixed length control field ||||||sp199 xxu|||||c ||| 00| 0 ng d
010 ## - LIBRARY OF CONGRESS CONTROL NUMBER
LC control number DVD-001904-1906
024 ## - OTHER STANDARD IDENTIFIER
Standard number or code VHIF 1498
Terms of availability 34.00
035 ## - SYSTEM CONTROL NUMBER
System control number DVD-001904-1906
040 ## - CATALOGING SOURCE
Original cataloging agency DPL
Transcribing agency DPL
082 ## - DEWEY DECIMAL CLASSIFICATION NUMBER
Classification number DVD / VICT
245 ## - TITLE STATEMENT
Title Victoria No. 203 (New)
Statement of responsibility, etc Diamonds Are Forever Presents
Medium [videorecording] DVD/
260 ## - PUBLICATION, DISTRIBUTION, ETC. (IMPRINT)
Name of publisher, distributor, etc Moserbaer Entertainment
300 ## - PHYSICAL DESCRIPTION
Extent 2 videodisc VCD;
Other physical details sd., col. ;
Dimensions 4 3/4 in.
Type of unit VCD
440 ## - SERIES STATEMENT/ADDED ENTRY--TITLE
Title Moserbaer Home Entertainment
500 ## - GENERAL NOTE
General note Moserbaer India Ltd. has obtained the necessary licence/conssent from the owner of the copyright in the wroks for making this DVD Film.
538 ## - SYSTEM DETAILS NOTE
System details note Dolby Digital 5.1 - Hindi Subtitles: English
650 ## - SUBJECT ADDED ENTRY--TOPICAL TERM
Topical term or geographic name as entry element Motion Picture
700 ## - ADDED ENTRY--PERSONAL NAME
Personal name Mahadevan, Ananth Narayan
700 ## - ADDED ENTRY--PERSONAL NAME
Personal name Shah, Viju
700 ## - ADDED ENTRY--PERSONAL NAME
Personal name Puri, Om
700 ## - ADDED ENTRY--PERSONAL NAME
Personal name Kher, Anupam
700 ## - ADDED ENTRY--PERSONAL NAME
Personal name Shergil, Jimmy
700 ## - ADDED ENTRY--PERSONAL NAME
Personal name Jaafri, Javed
942 ## - ADDED ENTRY ELEMENTS (KOHA)
Koha item type CD-ROMs, DVDs, VHS
Source of classification or shelving scheme Dewey Decimal Classification
Classification part VCD
Call number suffix VICT
Holdings
Withdrawn status Lost status Source of classification or shelving scheme Damaged status Not for loan Home library Current library Date acquired Source of acquisition Cost, normal purchase price Total Checkouts Full call number Barcode Date last seen Date checked out Copy number Cost, replacement price Price effective from Koha item type
  Lost and Paid For Dewey Decimal Classification     Central Library Central Library 06/01/2009 Purchase 34.00 8 VCD VICT DVD-001904 05/06/2009 26/05/2009 1 34.00 06/01/2009 CD-ROMs, DVDs, VHS
    Dewey Decimal Classification     Patel Nagar Patel Nagar 06/01/2009 Purchase 34.00 5 VCD VICT DVD-001906 13/06/2013 20/05/2009 1 34.00 06/01/2009 CD-ROMs, DVDs, VHS
    Dewey Decimal Classification     Sarojini Nagar Sarojini Nagar 06/01/2009 Purchase 34.00 18 VCD VICT DVD-001905 15/04/2013 11/04/2013 1 34.00 06/01/2009 CD-ROMs, DVDs, VHS

© Delhi Public Library
Hit Counter
free hit counter